Statistiques concernant Le Yémen pour les touristes...

Cliquez ici pour prendre le quiz!

Statistiques générales

  • Ce quiz a été pris 4 fois
  • Le résultat moyen est 6 sur 20

Statistiques - réponses

QuestionIndiceRéponses% Correct
Quelle est la langue officielle ?Arabe
100%
Le suffixe internet est
ye
75%
La religion majoritaire estIslam
75%
Dans la capitale quel est le décalage horaire avec Paris ? (+ ou - et chiffre) ex - 10 ou + 3,5+ 1
50%
Combien d'heures (environ) mettrez-vous pour vous y rendre ? (en chiffres)8
50%
Achats à faire3/ Pour éclairerLampe à {huile}
50%
Achats à faire2/ A fumerNarguilé
50%
Le principal aéroport estAAden
25%
Achats à faire4/ Parfum d'intérieurEncens
25%
Quelles sont les principaux lieux touristiques ?SIle de {Socotra}
25%
Achats à faire1/ Chapeau léger enPaille
25%
Quel est le régime du pays ?R PRégime présidentiel
25%
Quelles sont les principaux lieux touristiques ?DChâteau de {Dar al-Hajar}
0%
Quelles sont les principaux lieux touristiques ?A SMosquée {Al Saleh}
0%
Quelles sont les principaux lieux touristiques ?QPlage de {Qalansiyah}
0%
Quelle est la monnaie ?Riyal yéménite
0%
Quels sont les climats locaux ?T & T{Tropical} & {tempéré}
0%
Quelles sont les principaux lieux touristiques ?SVieille ville de {Sanaa}
0%
Code sur les plaques minéralogiquesYAR
0%
Comment se nomme la principale compagnie aérienne localeYYemenia
0%

Distribution des résultats

Percentile par nombre de réponses

% des personnes avec chaque résultat

Votre développement - résultats

Vous n’avez pas pris ce quiz